000 01375nam a22002297a 4500
999 _c8587
_d8587
003 GBCCL
005 20241126110653.0
008 210416b ||||| |||| 00| 0 eng d
020 _a9781493404513
020 _a1493404512
040 _cGBC
082 _a261.8
_bRAH
100 _aRah, Soong-Chan
_915142
245 _aReturn to justice :
_bsix movements that reignited our contemporary evangelical conscience /
_cSoong-Chan Rah and Gary VanderPol.
260 _aGrand Rapids, MI :
_bBrazos Press a division of Baker Publishing Group,
_c[2016]
300 _axii, 224 pages
505 _aPart 1. Justice is personal and relational. The power of personal story: John Perkins and the Christian Community Development Association -- The power of a personal connection: child sponsorship and global poverty -- Part 2. Justice is public and prophetic. World vision and the work of prophetic advocacy -- Sojourners as a prophetic voice for those on the margins -- Part 3. Justice confronts power in community. African-American evangelicals and the challenge of true racial reconciliation -- The Fraternidad Teológica Latinoamericana and the sharing of power in a globalized Christianity.
650 _aSocial justice
_vReligious aspects
_xChristianity
_xHistory.
_915143
650 _aEvangelicalism
_v History.
_915144
650 _aEvangelicalism.
_9178
942 _2ddc
_cBK